Africa view / (Record no. 124013)
[ view plain ]
| 000 -LEADER | |
|---|---|
| fixed length control field | 00759cam a2200253 i 4500 |
| 001 - CONTROL NUMBER | |
| control field | 3282205 |
| 003 - CONTROL NUMBER IDENTIFIER | |
| control field | ARRUPE |
| 005 - DATE AND TIME OF LATEST TRANSACTION | |
| control field | 20160122120248.0 |
| 008 - FIXED-LENGTH DATA ELEMENTS--GENERAL INFORMATION | |
| fixed length control field | 810612s1931 enkaf 000 0 eng d |
| 035 ## - SYSTEM CONTROL NUMBER | |
| System control number | (OCoLC)ocm07498794 |
| 040 ## - CATALOGING SOURCE | |
| Original cataloging agency | ITD |
| Transcribing agency | ITD |
| Modifying agency | OCL |
| -- | ZCU |
| 050 ## - LIBRARY OF CONGRESS CALL NUMBER | |
| Classification number | SPC DT425.H8 1932 |
| 099 ## - LOCAL FREE-TEXT CALL NUMBER (OCLC) | |
| Classification number | 967 |
| -- | H982 |
| 300 ## - PHYSICAL DESCRIPTION | |
| Other physical details | front., plates, fold. map ; |
| Dimensions | 23 cm. |
| 100 1# - MAIN ENTRY--PERSONAL NAME | |
| Personal name | Huxley, Julian, |
| Dates associated with a name | 1887-1975. |
| 9 (RLIN) | 21733 |
| 245 10 - TITLE STATEMENT | |
| Title | Africa view / |
| Statement of responsibility, etc | By Julian Huxley. |
| 260 ## - PUBLICATION, DISTRIBUTION, ETC. (IMPRINT) | |
| Place of publication, distribution, etc | London : |
| Name of publisher, distributor, etc | Chatto & Windus, |
| Date of publication, distribution, etc | 1932. |
| 300 ## - PHYSICAL DESCRIPTION | |
| Extent | viii, 455 p.; |
| 500 ## - GENERAL NOTE | |
| General note | Includes index. |
| 504 ## - BIBLIOGRAPHY, ETC. NOTE | |
| Bibliography, etc | Bibliography: p. 10-11. |
| 650 #0 - SUBJECT ADDED ENTRY--TOPICAL TERM | |
| Topical term or geographic name as entry element | Education |
| Geographic subdivision | Africa, East. |
| 9 (RLIN) | 21734 |
| 651 #0 - SUBJECT ADDED ENTRY--GEOGRAPHIC NAME | |
| Geographic name | Africa, East |
| General subdivision | Description and travel. |
| 9 (RLIN) | 21735 |
| 942 ## - ADDED ENTRY ELEMENTS (KOHA) | |
| Source of classification or shelving scheme | Library of Congress Classification |
| Koha item type | Monograph ( Printed materials) |
| Withdrawn status | Lost status | Source of classification or shelving scheme | Damaged status | Not for loan | Collection code | Home library | Current library | Shelving location | Date acquired | Total Checkouts | Full call number | Barcode | Date last seen | Price effective from | Koha item type |
|---|---|---|---|---|---|---|---|---|---|---|---|---|---|---|---|
| Library of Congress Classification | Main Collection | ARRUPE LIBRARY | ARRUPE LIBRARY | Main Collection | 22/01/2016 | SPC DT425.H8 1932 | 46500006015 | 22/01/2016 | 22/01/2016 | Monograph ( Printed materials) |